| 000 | 00916cab a22002175a 4500 | ||
|---|---|---|---|
| 001 | L138085 | ||
| 008 | 070515e20070512xxkdo f s 000 0 eng d | ||
| 035 | _a(Sirsi) u138085 | ||
| 041 | 0 | _aeng | |
| 100 | 1 | _aPilkington, Lisa | |
| 245 | 0 | 0 |
_aFocus _bEast Midlands update |
| 260 | _c2007 | ||
| 490 |
_aEstates Gazette _v(719) 12 May 2007, 105-129(8) |
||
| 520 | _aReports on the commercial and industrial property market. The distribution market is popular with investors, who are getting involved in projects at an earlier stage to minimise risk. There is increased activity in the office market and interest is expected from the public sector. HSBC's office prelet in Beeston is examined. Director Matthew Hunt is profiled. | ||
| 590 | _aKA | ||
| 651 | 4 | _aEAST MIDLANDS | |
| 690 | _aPROPERTY-COMMERCIAL PROPERTY-COMMERCIAL PROPERTY MARKET | ||
| 700 | 1 | _aJack, Simon | |
| 700 | 1 | _aHalstead, Ian | |
| 942 | _n0 | ||
| 999 |
_c78780 _d78780 |
||